000 01258naa a22003137a 4500
001 BR6009782
003 BR-BrBNA
005 20240918173110.0
007 ta
008 230509b bl.||||| |||| 00| 0 por d
040 _aBR-BrBNA
_bpor
_cBiblioteca Nacional de Agricultura
041 _a(Pt)
072 _aH20
_b3140
_b3240
_b3530
_b4120
090 _aH20 BR6009782
100 1 _aGreco, A.R.
111 1 _a5. Congresso Brasileiro dos Estudantes de Engenharia Florestal
_cVicosa, MG (Brazil)
_d31 Nov 1972
245 1 _aUma nova tecnica para isolamento indireto de cylindrocladium scoparium Morgan de solos infestados [Fungo; Doenca de planta; Pinheiro; Eucalipto; Muda; Controle biologico]
260 3 _aVicosa, MG (Brasil):
_c1972.
500 _aAnais do 5. Congresso Brasileiro dos Estudantes de Engenharia Florestal Vicosa, MG (Brasil): 1972. p. 86-90 (BR6009782-AM)H20
650 _aDoenca de planta
650 _aPinheiro
650 _aEucalipto
650 _aMuda
650 _aPodridao peduncular
650 _aControle biologico
773 0 _tAnais do 5. Congresso Brasileiro dos Estudantes de Engenharia Florestal
_wH20 BR6009782
_gVicosa, MG (Brasil), 1972. p. 86-90
909 _a202404
_bLucia
_c55
_dLucia Elande
942 _cAM
_2AGRIS
999 _c302864
_d302864